Cosmic evolution and galaxy formation (Record no. 14085)

MARC details
000 -LEADER
fixed length control field 01008nam a2200253Ia 4500
003 - CONTROL NUMBER IDENTIFIER
control field IN-BaIIA
008 - FIXED-LENGTH DATA ELEMENTS--GENERAL INFORMATION
fixed length control field 211028s9999 xx 000 0 eng d
020 ## - INTERNATIONAL STANDARD BOOK NUMBER
International Standard Book Number 1-58381-046-3
040 ## - CATALOGING SOURCE
Transcribing agency IIA Library
080 ## - UNIVERSAL DECIMAL CLASSIFICATION NUMBER
Universal Decimal Classification number 082.2:52
Item number ASP-215
110 ## - MAIN ENTRY--CORPORATE NAME
Corporate name or jurisdiction name as entry element Astronomical Society of the Pacific
9 (RLIN) 1154
111 ## - MAIN ENTRY--MEETING NAME
Meeting name or jurisdiction name as entry element Guillermo Haro Conference on Astrophysics
Number of part/section/meeting 3rd
Location of meeting Puebla, Mexico
Date of meeting or treaty signing 1999 Nov. 15-19
9 (RLIN) 24761
245 #0 - TITLE STATEMENT
Title Cosmic evolution and galaxy formation
Remainder of title structure, interactions and feedback, proceedings of the 3rd Guillermo Haro astrophysics conference held in Puebla, Mexico, November 15-19, 1999
Statement of responsibility, etc. edited by J. Franco... [et al.]
260 ## - PUBLICATION, DISTRIBUTION, ETC.
Place of publication, distribution, etc. California
Name of publisher, distributor, etc. Astronomical Society of the Pacific
Date of publication, distribution, etc. 2000
300 ## - PHYSICAL DESCRIPTION
Extent xviii, 320p.
490 ## - SERIES STATEMENT
Series statement ASP conference series; v. 215
650 ## - SUBJECT ADDED ENTRY--TOPICAL TERM
Topical term or geographic name entry element Galaxies
9 (RLIN) 1286
650 ## - SUBJECT ADDED ENTRY--TOPICAL TERM
Topical term or geographic name entry element Quasars
9 (RLIN) 1096
700 ## - ADDED ENTRY--PERSONAL NAME
Personal name Aretxaga, I., eds.
9 (RLIN) 24762
700 ## - ADDED ENTRY--PERSONAL NAME
Personal name Franco, J., ed.
9 (RLIN) 24763
700 ## - ADDED ENTRY--PERSONAL NAME
Personal name Lopez-Cruz, O., ed.
9 (RLIN) 24764
700 ## - ADDED ENTRY--PERSONAL NAME
Personal name Terlevich, E., ed.
9 (RLIN) 20772
942 ## - ADDED ENTRY ELEMENTS (KOHA)
Koha item type Books
Holdings
Withdrawn status Lost status Damaged status Not for loan Home library Current library Shelving location Date acquired Total Checkouts Full call number Barcode Date last seen Price effective from Koha item type
        IIA Library-Bangalore IIA Library-Bangalore General Stacks 14/05/2001   082.2:52/ ASP-215 15005 05/11/2021 14/05/2001 Books

Powered by Koha